Spiritual Sense the Applications / (Record no. 208756)

MARC details
000 -LEADER
fixed length control field 00527nam a22001697a 4500
010 ## - LCCN (DPL NO)
LC control number ENG-143544
020 ## - INTERNATIONAL STANDARD BOOK NUMBER
International Standard Book Number 9788192156101
Terms of availability 200.00
035 ## - SYSTEM CONTROL NUMBER
System control number EN-127076
037 ## - SOURCE OF ACQUISITION
Source of stock number/acquisition DBAD
082 ## - DEWEY DECIMAL CLASSIFICATION NUMBER
Classification number 291.21
100 ## - MAIN ENTRY--PERSONAL NAME
Personal name Bishnoi, Ajit Kumar
245 ## - TITLE STATEMENT
Title Spiritual Sense the Applications /
Statement of responsibility, etc by Ajit Kumar Bishnoi
260 ## - PUBLICATION, DISTRIBUTION, ETC. (IMPRINT)
Place of publication, distribution, etc New Delhi
Name of publisher, distributor, etc Shri Narayana Publications
Date of publication, distribution, etc 2011
270 ## - ADDRESS
Address 14-E, Basant Lok, Vasant Vihar,
City New Delhi
Postal code 110057
300 ## - PHYSICAL DESCRIPTION
Extent 216p.
Dimensions 22cm(Pbk)
942 ## - ADDED ENTRY ELEMENTS (KOHA)
Source of classification or shelving scheme Dewey Decimal Classification
Item type English Books
Classification part 291.21
Call number suffix BIS
Holdings
Withdrawn status Lost status Not for loan Collection code Home library Current library Date acquired Source of acquisition Cost, normal purchase price Full call number Barcode Copy number Cost, replacement price Koha item type
      Non-fiction Vinoba Puri Vinoba Puri 24/01/2025 DBAD 200.00 291.21 BIS EN-127076 1 200.00 English Books

© Delhi Public Library
Hit Counter
free hit counter